Principles of archaeology

Đã lưu trong:
書目詳細資料
主要作者: Price, T. Douglas
格式: 圖書
語言:Undetermined
出版: Boston, Mass. McGraw-Hill 2007
主題:
標簽: 添加標簽
沒有標簽, 成為第一個標記此記錄!
Thư viện lưu trữ: Trung tâm Học liệu Trường Đại học Cần Thơ
LEADER 00506nam a2200193Ia 4500
001 CTU_154593
008 210402s9999 xx 000 0 und d
020 |c 96.56 
082 |a 930.1 
082 |b P946 
100 |a Price, T. Douglas 
245 0 |a Principles of archaeology 
245 0 |c T. Douglas Price 
260 |a Boston, Mass. 
260 |b McGraw-Hill 
260 |c 2007 
650 |a Archaeology,Archaeology 
650 |x Methodology 
980 |a Trung tâm Học liệu Trường Đại học Cần Thơ